| 000 | 00483nam a22001697a 4500 | ||
|---|---|---|---|
| 003 | BD-DhUL | ||
| 005 | 20190714151820.0 | ||
| 008 | 190714s1963 pk ||||| |||| 00| 0 urd d | ||
| 040 |
_aBD-DhUL _cBD-DhUL |
||
| 082 |
_a891.431 _bMUF |
||
| 100 | 0 | _aمعین احسن جذبی | |
| 245 | 1 | 0 |
_aفروزاں / _cمعین احسن جذبی |
| 260 |
_aلاہور : _bآیٔنہ ادب، _c۔۱۹۶۳ |
||
| 300 |
_aص۔ ۱۲۶ ؛ _c۱۸ سم۔ |
||
| 650 | 4 | _aUrdu poetry | |
| 942 |
_2ddc _cBK |
||
| 999 |
_c248743 _d248743 |
||